An exposition of the church-catechism : By Samuel Clarke, ... Published from the author's manuscript. By John Clarke, ...

Bibliographic Details
Main Author: Clarke, Samuel, 1675-1729 (Author)
Corporate Author: Church of England
Format: eBook
Language:English
Series:Eighteenth century collections online.
Online Access:Full text online

MARC

Tag First Indicator Second Indicator Subfields
LEADER 00000cam a2200000 4500
001 in00001979024
006 m | d |
007 cr |n||||||||n
008 810912s1730 ie |||| s 00||||eng d
005 20260406204839.6
035 |a (CStRLIN)ESTCT132059 
040 |a Uk-ES  |c Uk-ES  |d CStRLIN  |d Thomson Gale  |d UtOrBLW 
110 2 |a Church of England. 
240 1 0 |a Liturgies.  |p Book of common prayer.  |p Catechism 
245 1 3 |a An exposition of the church-catechism :  |b By Samuel Clarke, ... Published from the author's manuscript. By John Clarke, ... 
264 3 |a Dublin :  |b printed by S. Powell, for G. Risk, G. Ewing, and W. Smith,  |c 1730. 
300 |a 4 unnumbered pages, 172p. ;  |c 8⁰. 
336 |a text  |b txt  |2 rdacontent 
337 |a computer  |b c  |2 rdamedia 
338 |a online resource  |b cr  |2 rdacarrier 
500 |a With the text. 
500 |a Also issued as part of: 'An exposition of the church-catechism. By Samuel Clarke, .. To which is added, his Three practical essays, on baptism, confirmation, and repentance. ..', Dublin, 1730. 
500 |a Reproduction of original from the British Library. 
510 4 |a English Short Title Catalog,  |c ESTCT132059. 
533 |a Electronic reproduction.  |b Farmington Hills, Mich. :  |c Thomson Gale,  |d 2003.  |n Available via the World Wide Web.  |n Access limited by licensing agreements  |7 s2003 miunns 
500 |a Electronic resource. 
700 1 |a Clarke, Samuel,  |d 1675-1729,  |e author. 
730 0 |a Exposition of the church-catechism. 
830 0 |a Eighteenth century collections online. 
856 4 0 |u http://proxy.library.tamu.edu/login?url=https://galenet.galegroup.com/servlet/ECCO?c=1&stp=Author&ste=11&af=BN&ae=T132059&tiPG=1&dd=0&dc=flc&docNum=CW121881163&vrsn=1.0&srchtp=a&d4=0.33&n=10&SU=0LRF&locID=txshracd2898  |z Full text online  |t 0 
999 |a MARS 
999 f f |s 26bfc744-52da-3ec1-8de2-7390798aaafc  |i f5ed8ab7-d5af-3328-bb86-07299f8ca04a  |t 0 
952 f f |a Texas A&M University  |b College Station  |c Electronic Resources  |s www_evans  |d Available Online  |t 0  |h No information provided 
998 f f |t 0  |l Available Online